Empire of madness (Record no. 5386)

MARC details
000 -CABECERA
campo de control de longitud fija 02730cam a2200277 i 4500
001 - NÚMERO DE CONTROL
campo de control 991027493224307026
003 - IDENTIFICADOR DEL NÚMERO DE CONTROL
campo de control UkOxU
005 - FECHA Y HORA DE LA ÚLTIMA TRANSACCIÓN
campo de control 20260305144743.0
008 - DATOS DE LONGITUD FIJA--INFORMACIÓN GENERAL
campo de control de longitud fija 260214s2026 nyu 001 0 eng
010 ## - NÚMERO DE CONTROL DE LA BIBLIOTECA DEL CONGRESO
Número de control de LC 2025043808
020 ## - NÚMERO INTERNACIONAL ESTÁNDAR DEL LIBRO
Número Internacional Estándar del Libro 9780593594285
Información calificativa (hardcover)
020 ## - NÚMERO INTERNACIONAL ESTÁNDAR DEL LIBRO
ISBN cancelado o inválido 9780593594292
Información calificativa (ebook)
035 ## - NÚMERO DE CONTROL DEL SISTEMA
Número de control de sistema in00024463583
040 ## - FUENTE DE LA CATALOGACIÓN
Centro catalogador/agencia de origen DLC
Lengua de catalogación eng
Normas de descripción rda
Centro/agencia transcriptor DLC
Centro/agencia modificador UkOxU
041 ## - CÓDIGO DE LENGUA
Código de lengua del texto/banda sonora o título independiente English
042 ## - CÓDIGO DE AUTENTICACIÓN
Código de autenticación pcc
100 ## - ENTRADA PRINCIPAL--NOMBRE DE PERSONA
Nombre de persona Kidia, Khameer,
Término indicativo de función/relación author.
9 (RLIN) 26809
245 10 - MENCIÓN DE TÍTULO
Título Empire of madness
Resto del título : reimagining Western mental health care for everyone
Mención de responsabilidad, etc. / Khameer Kidia.
250 ## - MENCIÓN DE EDICIÓN
Mención de edición First edition.
264 #1 - PRODUCCIÓN, PUBLICACIÓN, DISTRIBUCIÓN, FABRICACIÓN Y COPYRIGHT
Producción, publicación, distribución, fabricación y copyright New York :
Nombre del de productor, editor, distribuidor, fabricante Crown,
Fecha de producción, publicación, distribución, fabricación o copyright [2026].
300 ## - DESCRIPCIÓN FÍSICA
Extensión xxiii, 255 pages ;
Dimensiones 24 cm
500 ## - NOTA GENERAL
Nota general Includes bibliographical references and index.
520 ## - SUMARIO, ETC.
Sumario, etc. "In Empire of Madness, Dr. Khameer Kidia offers a re-evaluation of mental health in the Global North, where the answer to the structural causes of mental distress, like racism and economic inequality, has been to medicate the symptoms rather than revolutionize those causal structures. A clinician and researcher whose own mother suffers from the psychological harm of colonialism, Kidia reports from the front lines of mental health crises at home, in clinical practice and during fieldwork, highlighting the flaws in how we cope with global mental distress. Western psychiatry, which emerged during nineteenth-century colonialism and expanded under neoliberalism, mollifies the effects-depression, anxiety, hunger, poverty-of oppressive structures rather than fixes them. "Burnout" is just one example of mental distress caused by economic and social conditions but disguised as a medical problem. Clear-eyed and open-hearted, Kidia asks the necessary questions that our current mental health system, pharmaceutically-driven and focused on one-size-fits-all solutions, doesn't address. How do history, culture, and politics shape mental distress? Is hoarding a medical problem? Why are the outcomes of schizophrenia sometimes better in places without antipsychotics? Can a Zimbabwean grandmother sitting on a wooden "friendship bench" talk through someone's problems better than a Western-trained therapist? For those living in poverty, can cash replace pills? Empire of Madness sharply intertwines discussions of the colonial origins of psychiatry, the long-lasting and psychological effects of oppression, and the overburdened health professionals striving to heal their patients in rigid, archaic systems to reimagine global mental health as a capacious, inclusive field where our wellbeing is mutual and everyone's voice-patients, caregivers, and health workers alike-matters"--
Fuente proveedora Provided by publisher.
650 #0 - PUNTO DE ACCESO ADICIONAL DE MATERIA--TÉRMINO DE MATERIA
Término de materia o nombre geográfico como elemento de entrada Mental health
9 (RLIN) 12874
942 ## - ELEMENTOS DE ENTRADA AGREGADA (KOHA)
Fuente del sistema de clasificación o colocación Clasificación de Library of Congress
Holdings
Estado de retiro Estado de pérdida Fuente del sistema de clasificación o colocación Estado dañado No para préstamo Biblioteca de origen Biblioteca actual Fecha de adquisición Total de préstamos Fecha visto por última vez Número de copia Precio válido a partir de Tipo de ítem Koha Nota pública
    Clasificación de Library of Congress     TBS Barcelona TBS Barcelona 05/03/2026   05/03/2026 1 05/03/2026 Book SOON AVAILABLE

Powered by Koha